000 01114nam a2200277Ia 4500
001 Z_6377
008 220601s9999 xx 000 0 und d
020 _a968-25-1641-2
082 _a636.0824 E53 1991
245 _aEndocrinología veterinaría y reproducción / editores L. E. McDonald y M. H. Pineda; traducción Eliane Casenave Isoard; revisión técnica Oscar García Llampallas
250 _a4a ed.
260 _aMéxico : McGraw-Hill. Interamericana
300 _axiv, 551 p.
500 _aTraducción de la obra en inglés: Veterinary endocrinology and reproduction 4a ed. / L. E. McDonald
503 _aej.1: 167219
504 _aIncluye bibliografía
650 _a1.Reproduccion animal
_9178068
650 _aEndocrinología veterinaria
_9138395
650 _aAnimales domésticos -- Reproducción
700 _aMcDonald, L. E., ed. \Pineda, M. H., ed. \ Casenave Isoard, Eliane, tr. \ García Llampallas, Oscar, rev.Ì
_9183614
901 _a636.0824 E53 1991
902 _aM
905 _a5232271991 mx amn 8221113311spa16
942 _c1
999 _c217125
_d217125